Shankar Khan / (Record no. 44915)
[ view plain ]
| 000 -LEADER | |
|---|---|
| fixed length control field | 01252nji a22003017a 4500 |
| 005 - DATE AND TIME OF LATEST TRANSACTION | |
| control field | 20100903161258.0 |
| 006 - FIXED-LENGTH DATA ELEMENTS--ADDITIONAL MATERIAL CHARACTERISTICS--GENERAL INFORMATION | |
| fixed length control field | a|||||r|||||00| 0 |
| 007 - PHYSICAL DESCRIPTION FIXED FIELD--GENERAL INFORMATION | |
| fixed length control field | sd ammalaaahaa |
| 008 - FIXED-LENGTH DATA ELEMENTS--GENERAL INFORMATION | |
| fixed length control field | 100830t xxu||||| |||| 00| 0 eng d |
| 028 ## - PUBLISHER NUMBER | |
| Publisher number | N 55232 |
| Source | His Master's Voice |
| 035 ## - SYSTEM CONTROL NUMBER | |
| System control number | GR-01596 |
| 040 ## - CATALOGING SOURCE | |
| Original cataloging agency | SED |
| Transcribing agency | SED |
| 100 ## - MAIN ENTRY--PERSONAL NAME | |
| 9 (RLIN) | 17455 |
| Personal name | Kalyanpuri, Suman |
| 245 ## - TITLE STATEMENT | |
| Title | Shankar Khan / |
| Statement of responsibility, etc | bySuman Kalyanpur, Mohd Rafi [and] Krishna Kalle ; Music by S N Tripathi ; Lyris by B D Misra |
| Medium | [sound recording] : |
| 246 ## - VARYING FORM OF TITLE | |
| Title proper/short title | गबन / लता मंगेशकर द्वारा |
| 260 ## - PUBLICATION, DISTRIBUTION, ETC. (IMPRINT) | |
| Place of publication, distribution, etc | Dum Dum, India |
| Name of publisher, distributor, etc | His Master's Voice |
| 300 ## - PHYSICAL DESCRIPTION | |
| Extent | 1 sound disc [Gramophone Recording]: |
| Other physical details | analog, 33 1/3 rpm |
| Dimensions | 9.5 in. (MP) |
| Type of unit | Gramophone Record |
| 500 ## - GENERAL NOTE | |
| General note | Brief Record |
| 505 ## - FORMATTED CONTENTS NOTE | |
| Formatted contents note | Side 1 छुट्टी हो गई (Chhutti ho gai) Side 2 दिल की बात जबो पर (Dil ki baat jabo par) (Suman Kalyanpur) |
| 650 ## - SUBJECT ADDED ENTRY--TOPICAL TERM | |
| Topical term or geographic name as entry element | Classical music |
| Geographic subdivision | India |
| 9 (RLIN) | 1186 |
| General subdivision | Excerpts |
| 700 ## - ADDED ENTRY--PERSONAL NAME | |
| 9 (RLIN) | 17416 |
| Personal name | Tripathi, S N |
| 700 ## - ADDED ENTRY--PERSONAL NAME | |
| 9 (RLIN) | 17456 |
| Personal name | Misra, B D |
| 700 ## - ADDED ENTRY--PERSONAL NAME | |
| 9 (RLIN) | 19067 |
| Personal name | Mohd Rafi |
| 700 ## - ADDED ENTRY--PERSONAL NAME | |
| 9 (RLIN) | 19087 |
| Personal name | Kalle, Krishna |
| 700 ## - ADDED ENTRY--PERSONAL NAME | |
| 9 (RLIN) | 19088 |
| 942 ## - ADDED ENTRY ELEMENTS (KOHA) | |
| Source of classification or shelving scheme | Dewey Decimal Classification |
| Item type | Gramaphone Records |
| Withdrawn status | Lost status | Source of classification or shelving scheme | Damaged status | Not for loan | Collection code | Home library | Current library | Date acquired | Source of acquisition | Total Checkouts | Barcode | Date last seen | Copy number | Price effective from | Koha item type |
|---|---|---|---|---|---|---|---|---|---|---|---|---|---|---|---|
| Dewey Decimal Classification | Not For Loan | Non-fiction | Central Library | Central Library | 09/09/2010 | SED/VEN | GR-01596 | 09/09/2010 | 1 | 09/09/2010 | Gramaphone Records |
